[Event "28th Czech Open A 2017"]
[Site "Pardubice CZE"]
[Date "2017.07.24"]
[Round "4.8"]
[White "Ladva, Ottomar"]
[Black "Kaczur, Florian"]
[Result "1-0"]
[WhiteTitle "GM"]
[WhiteElo "2531"]
[BlackElo "2433"]
[WhiteFideId "4500024"]
[BlackFideId "705098"]
[EventDate "2017.07.21"]

1. Nf3 d5 2. g3 c6 3. c4 Bg4 4. Qb3 Qb6 5. Ne5 Be6 6. d3 Nd7 7. Nxd7 Bxd7 8. Be3
Qxb3 9. axb3 e5 10. Rxa7 Bb4+ 11. Kd1 Rxa7 12. Bxa7 Nf6 13. f4 c5 14. Nc3 Bc6
15. Bg2 d4 16. Bxc6+ bxc6 17. Na2 Kd7 18. Nxb4 Ra8 19. Na6 Rxa7 20. Nxc5+ Kd6
21. fxe5+ Kxe5 22. Kc2 Ng4 23. b4 f5 24. Kb3 Kd6 25. h3 Ne3 26. Na4 g5 27. c5+
Ke6 28. Nb6 h5 29. Nc4 Nd5 30. Na5 Ra6 31. Ra1 Ra8 32. Ra4 Rc8 33. Nc4 f4 34. g4
hxg4 35. hxg4 Nf6 36. Ra6 Nxg4 37. Nd6 Rb8 38. Rxc6 Ne5 39. Ra6 g4 40. Nb5+ Kf7
41. c6 Ke7 42. Ra7+ Kf6 43. c7 Rg8 44. Nd6 f3 45. exf3 gxf3 46. b5 Ke6 47. c8=Q+
Rxc8 48. Nxc8 f2 49. Ra1 Nf3 50. b6 Ne1 51. b7 f1=Q 52. Ka4 Qf4 53. Rxe1+ Kd7
54. Re7+ Kc6 55. Ka5 Qf5+ 56. Ka6 Qxd3+ 57. Ka7 Qb3 58. Ka8 Qa2+ 59. Na7+ Kd6
60. Re8 Kd7 61. b8=Q Qd5+ 62. Qb7+ Qxb7+ 63. Kxb7 Kxe8 64. Nb5 d3 65. Kc6 d2 66.
Nc3 1-0

[Event "28th Czech Open A 2017"]
[Site "Pardubice CZE"]
[Date "2017.07.24"]
[Round "4.9"]
[White "Plat, Vojtech"]
[Black "Akesson, Ralf"]
[Result "1-0"]
[WhiteTitle "IM"]
[BlackTitle "GM"]
[WhiteElo "2531"]
[BlackElo "2435"]
[WhiteFideId "325740"]
[BlackFideId "1700120"]
[EventDate "2017.07.21"]

1. d4 Nf6 2. c4 e6 3. g3 c5 4. Nf3 cxd4 5. Nxd4 Bb4+ 6. Nd2 Nc6 7. Nc2 Be7 8.
Bg2 O-O 9. O-O d5 10. cxd5 exd5 11. Nb3 Ne4 12. Be3 Bf6 13. Nbd4 Re8 14. Rc1 Bd7
15. Nb5 Bxb2 16. Rb1 Be5 17. Qxd5 Nf6 18. Qd3 Be6 19. Nbd4 Nxd4 20. Nxd4 Bd5 21.
Bxd5 Qxd5 22. Rb5 Qxa2 23. Nf3 Rad8 24. Qb1 Qxb1 25. Rfxb1 Bd6 26. Rxb7 a5 27.
Rd1 Bf8 28. Rxd8 Rxd8 29. Ra7 Nd5 30. Bd4 Bb4 31. Ne5 f6 32. Nc6 Rc8 33. Nxa5
Nc3 34. Bxc3 Rxc3 35. Nb7 Rc8 36. Ra4 Bf8 37. Re4 Kf7 38. Na5 Rc5 39. Nc4 h5 40.
Kg2 Rd5 41. Ne3 Rd7 42. Rc4 g6 43. h3 Re7 44. Kf3 Rd7 45. Rc6 Bh6 46. Nc4 Bf8
47. e4 Kg7 48. g4 Rd3+ 49. Ne3 hxg4+ 50. hxg4 Rd7 51. Ke2 Bd6 52. Nd5 g5 53. Ra6
Be5 54. Kd3 Rb7 55. Kc4 Rb2 56. Ra7+ Kf8 57. f3 Rc2+ 58. Kb5 Rf2 59. Ra3 Rc2 60.
Nb4 Rb2 61. Ra8+ Kf7 62. Kc4 Rf2 63. Ra7+ Ke6 64. Ra6+ Kf7 65. Ra3 Bd6 66. Nd3
Rf1 67. Rb3 Ke6 68. Kb5 Ra1 69. Rc3 Ra2 70. Nc1 Rf2 71. Rd3 Be5 72. Nb3 Rb2 73.
Kc6 Kf7 74. Rd7+ Kg6 75. Nc5 Ra2 76. Rb7 Rc2 77. Kd5 Rd2+ 78. Ke6 Rc2 79. Nd7
Rc8 80. Nxe5+ fxe5 81. Kxe5 1-0

[Event "28th Czech Open A 2017"]
[Site "Pardubice CZE"]
[Date "2017.07.24"]
[Round "4.10"]
[White "Stefansson, Hannes"]
[Black "Manik, Mikulas"]
[Result "1-0"]
[WhiteTitle "GM"]
[BlackTitle "GM"]
[WhiteElo "2530"]
[BlackElo "2407"]
[WhiteFideId "2300087"]
[BlackFideId "14900734"]
[EventDate "2017.07.21"]

1. e4 c5 2. Nf3 g6 3. c3 Bg7 4. d4 cxd4 5. cxd4 d5 6. e5 Nc6 7. h3 f6 8. Bb5 Nh6
9. O-O O-O 10. Nc3 Nf7 11. exf6 exf6 12. Re1 g5 13. b3 Qa5 14. Bd2 g4 15. hxg4
Bxg4 16. Be2 Rad8 17. Nh4 Bxe2 18. Nxe2 Qc7 19. Nf4 Ng5 20. Nf5 Qd7 21. Qg4 Nxd4
22. Ne7+ Kh8 23. Qh5 1-0

[Event "28th Czech Open A 2017"]
[Site "Pardubice CZE"]
[Date "2017.07.24"]
[Round "4.11"]
[White "Schlosser, Philipp"]
[Black "Tomazini, Zan"]
[Result "1-0"]
[WhiteTitle "GM"]
[BlackTitle "IM"]
[WhiteElo "2516"]
[BlackElo "2405"]
[WhiteFideId "4600169"]
[BlackFideId "14608162"]
[EventDate "2017.07.21"]

1. Nf3 Nf6 2. c4 g6 3. Nc3 Bg7 4. e4 d6 5. d4 O-O 6. h3 e5 7. d5 a5 8. Be3 Na6
9. g4 Nd7 10. a3 Nb6 11. Rg1 Bd7 12. h4 Nc5 13. b3 Kh8 14. g5 a4 15. b4 Nb3 16.
Rb1 f5 17. Nd2 Nd4 18. c5 Nc8 19. h5 gxh5 20. Qxh5 Nc2+ 21. Kd1 Nxe3+ 22. fxe3
fxe4 23. Rh1 Bf5 24. Bg2 Qe8 25. Qxe8 Rxe8 26. Bxe4 Ne7 27. Ke2 Rad8 28. Bxf5
Nxf5 29. Nde4 c6 30. dxc6 d5 31. cxb7 Nd4+ 32. exd4 exd4 33. Kd3 dxc3 34. Nf6
Bxf6 35. gxf6 Re6 36. Rbf1 d4 37. f7 Re3+ 38. Kc4 c2 39. f8=Q+ Rxf8 40. Rxf8+
Kg7 41. b8=Q 1-0

[Event "28th Czech Open A 2017"]
[Site "Pardubice CZE"]
[Date "2017.07.24"]
[Round "4.13"]
[White "Kovacevic, Blazimir"]
[Black "Potapov, Alexander1"]
[Result "0-1"]
[WhiteTitle "IM"]
[BlackTitle "GM"]
[WhiteElo "2499"]
[BlackElo "2402"]
[WhiteFideId "14502712"]
[BlackFideId "4115074"]
[EventDate "2017.07.21"]

1. Nf3 g6 2. d4 f5 3. h4 Bg7 4. h5 Nc6 5. Nc3 d6 6. h6 Bf6 7. d5 Ne5 8. e4 c6 9.
exf5 Bxf5 10. Nd4 Bg4 11. Be2 Qb6 12. Nb3 Bxe2 13. Qxe2 a5 14. dxc6 bxc6 15. a4
Qb4 16. Nd2 d5 17. Ra3 Qg4 18. f3 Qf5 19. Kd1 Rd8 20. Rb3 Nc4 21. Nf1 e5 22. g4
Qe6 23. g5 Be7 24. Rb7 Bb4 25. Na2 Bc5 26. b3 Nd6 27. Rc7 Ne7 28. Bb2 d4 29. Nc1
Bb6 30. Rxe7+ Qxe7 31. Nd3 e4 32. fxe4 Qxe4 33. Ng3 Qxe2+ 34. Nxe2 O-O 35. Ba3
Rfe8 36. Ng3 Nf7 37. Bc1 Bc7 38. Ne2 Rd5 39. Rg1 Ne5 40. Nef4 Nxd3 41. Nxd3 Rf5
42. Bd2 Re4 43. Nb2 Ree5 44. Nc4 Rd5 45. Re1 Kf7 46. Re4 Rf2 47. Kc1 d3 48. cxd3
Rxd3 49. Bxa5 Bb8 50. Bb4 Rd7 51. Bd2 Re7 52. Rd4 Ke6 53. Re4+ Kd7 54. Rd4+ Kc8
55. b4 Be5 56. Re4 Rf5 57. Kc2 Kd7 58. a5 Bb8 59. Rd4+ Kc8 60. Nb6+ Kb7 61. Nc4
Bc7 62. Be3 Rf3 63. Bd2 Ka6 64. Nb2 Kb5 65. Rc4 Bd6 66. Rd4 Be5 67. Re4 Bf6 68.
Nc4 Rxe4 69. Nd6+ Ka6 70. Nxe4 Be7 71. Kd1 Kb5 72. Ke2 Rf7 73. Kd3 Bxb4 74. Bxb4
Kxb4 75. Kd4 Rd7+ 76. Ke5 Re7+ 77. Kf6 Rxe4 78. a6 Kb5 0-1

[Event "28th Czech Open A 2017"]
[Site "Pardubice CZE"]
[Date "2017.07.24"]
[Round "4.14"]
[White "Tilicheev, Viacheslav"]
[Black "Bukal, Vladimir Jr."]
[Result "1-0"]
[WhiteTitle "FM"]
[BlackTitle "IM"]
[WhiteElo "2497"]
[BlackElo "2398"]
[WhiteFideId "24114928"]
[BlackFideId "14502941"]
[EventDate "2017.07.21"]

1. d4 e6 2. Nf3 f5 3. h3 Nf6 4. g4 d5 5. c4 dxc4 6. Nc3 Bb4 7. gxf5 O-O 8. Rg1
Kh8 9. e3 Ne4 10. Bxc4 Nxc3 11. bxc3 Bxc3+ 12. Bd2 Bxa1 13. Qxa1 Nd7 14. d5 Nf6
15. dxe6 b5 16. Bb4 c5 17. Qe5 cxb4 18. e7 Qe8 19. exf8=Q+ Qxf8 20. Bb3 h6 21.
Nh4 Kh7 22. Qxb5 Bd7 23. Qe5 a5 24. Qg3 a4 25. Qg6+ Kh8 26. Qg2 Kh7 27. Qg6+ Kh8
28. Qf7 Qxf7 29. Bxf7 Kh7 30. f3 Rc8 31. Kd2 Rd8 32. Kc2 Rc8+ 33. Kb2 Rc3 34. e4
Re3 35. Ka1 Bb5 36. Ng6 Rxf3 37. e5 Ne4 38. f6 Nxf6 39. Nf8+ Kh8 40. Ng6+ Kh7
41. exf6 Rxf6 42. Nf8+ Kh8 43. Ng6+ Kh7 44. Ne5 g5 45. Bh5 Bf1 46. h4 Rf4 47.
Bd1 Bb5 48. Bc2+ Kg7 49. hxg5 hxg5 50. Rxg5+ Kf6 51. Rh5 b3 52. axb3 axb3 53.
Bxb3 Ba4 54. Ba2 Re4 55. Nd3 Be8 56. Rh3 Bg6 57. Bb1 Ra4+ 58. Kb2 Bf7 59. Bc2
Ra5 60. Kc3 Ra3+ 61. Kd4 Ra2 62. Rf3+ Kg5 63. Nb4 Ra7 64. Nc6 Rd7+ 65. Ke3 Rc7
66. Be4 Bh5 67. Rf5+ Kh6 68. Ne5 Ra7 69. Kf4 Ra4 70. Rf6+ Kg7 71. Rb6 Bd1 72.
Kf5 Bh5 73. Rb7+ Kh6 74. Nf7+ Bxf7 75. Rxf7 Ra5+ 76. Kf4 1-0

[Event "28th Czech Open A 2017"]
[Site "Pardubice CZE"]
[Date "2017.07.24"]
[Round "4.15"]
[White "Matviishen, Viktor"]
[Black "Potapov, Pavel"]
[Result "1-0"]
[WhiteTitle "FM"]
[BlackTitle "GM"]
[WhiteElo "2404"]
[BlackElo "2495"]
[WhiteFideId "14129850"]
[BlackFideId "4169786"]
[EventDate "2017.07.21"]

1. d4 f5 2. Nf3 Nf6 3. g3 g6 4. Bg2 Bg7 5. O-O O-O 6. c4 d6 7. Nc3 c6 8. b3 Qa5
9. Bb2 e5 10. Qd2 Qc7 11. dxe5 dxe5 12. e4 f4 13. Rad1 Bg4 14. Ba3 Re8 15. Bd6
Qc8 16. gxf4 Bh6 17. Nxe5 Bxd1 18. Rxd1 Nbd7 19. Qd3 Nxe5 20. fxe5 Nh5 21. Ne2
Qg4 22. h3 Qh4 23. c5 Nf4 24. Qc4+ Kh8 25. Nxf4 Bxf4 26. e6 Rad8 27. e5 Bg5 28.
Rd4 Qh6 29. h4 Bc1 30. e7 Ra8 31. Bh3 Bb2 32. Rf4 Qg7 33. Rf7 Qh6 34. Qe6 Qxh4
35. Qf6+ Qxf6 36. exf6 1-0

[Event "28th Czech Open A 2017"]
[Site "Pardubice CZE"]
[Date "2017.07.24"]
[Round "4.16"]
[White "Das, Sayantan"]
[Black "Kantor, Gergely"]
[Result "1-0"]
[WhiteTitle "IM"]
[BlackTitle "IM"]
[WhiteElo "2399"]
[BlackElo "2481"]
[WhiteFideId "5034426"]
[BlackFideId "751499"]
[EventDate "2017.07.21"]

1. e4 e5 2. Nf3 Nc6 3. Bb5 a6 4. Ba4 Nf6 5. O-O Be7 6. Re1 b5 7. Bb3 O-O 8. c3
d5 9. d4 exd4 10. e5 Ne4 11. cxd4 Bb4 12. Re3 Na5 13. Bc2 Nc4 14. Re2 Bg4 15. a3
Be7 16. Bxe4 dxe4 17. Rxe4 Bf5 18. Rf4 Qd7 19. d5 Bxb1 20. Rxb1 Rad8 21. Rd4 Qf5
22. Ra1 Bc5 23. Qd3 Qxd3 24. Rxd3 Nb6 25. d6 cxd6 26. Bg5 f6 27. exf6 gxf6 28.
Bh6 Nc4 29. b4 Bb6 30. Bxf8 Kxf8 31. Rd5 Kf7 32. g4 Ne5 33. Nxe5+ fxe5 34. Kg2
Ke6 35. Rd3 Rf8 36. Rf3 Rc8 37. g5 Rc4 38. Rf6+ Kd5 39. Rd1+ Bd4 40. h4 Rc7 41.
Kg3 Rd7 42. h5 e4 43. g6 hxg6 44. hxg6 Ke5 45. Rf7 Rd8 46. Kg4 Rg8 47. Rf5+ Ke6
48. Rxd4 Rxg6+ 49. Kf4 d5 50. Rdxd5 1-0

[Event "28th Czech Open A 2017"]
[Site "Pardubice CZE"]
[Date "2017.07.24"]
[Round "4.18"]
[White "Piscopo, Pierluigi"]
[Black "Kislinsky, Alexey"]
[Result "1-0"]
[WhiteTitle "IM"]
[BlackTitle "GM"]
[WhiteElo "2396"]
[BlackElo "2479"]
[WhiteFideId "809152"]
[BlackFideId "14108801"]
[EventDate "2017.07.21"]

1. e4 c5 2. Nf3 Nc6 3. Bb5 d6 4. O-O Bd7 5. Re1 Nf6 6. h3 e6 7. c3 Ne5 8. Bxd7+
Qxd7 9. d4 Nxf3+ 10. Qxf3 d5 11. e5 Ne4 12. Nd2 Nxd2 13. Bxd2 Rc8 14. Rad1 Qa4
15. b3 Qc6 16. dxc5 Bxc5 17. Qg4 Kf8 18. c4 h5 19. Qf4 dxc4 20. Qxc4 Be7 21. Qd4
Qb6 22. Qxb6 axb6 23. Be3 g5 24. Rd7 g4 25. Red1 gxh3 26. Rxb7 Rg8 27. g3 h4 28.
Rdd7 Bd8 29. Rxf7+ Ke8 30. Kh2 hxg3+ 31. fxg3 Rc2+ 32. Kxh3 Rxa2 33. Rh7 Rb2 34.
Rh6 Be7 35. Rxe6 Rg7 36. Rexb6 Rh7+ 37. Rh6 Rxh6+ 38. Bxh6 Bc5 39. Bf4 1-0

[Event "28th Czech Open A 2017"]
[Site "Pardubice CZE"]
[Date "2017.07.24"]
[Round "4.19"]
[White "Puranik, Abhimanyu"]
[Black "Swicarz, Maciej"]
[Result "1-0"]
[WhiteTitle "IM"]
[WhiteElo "2479"]
[BlackElo "2372"]
[WhiteFideId "5061245"]
[BlackFideId "1113585"]
[EventDate "2017.07.21"]

1. e4 c6 2. d4 d5 3. Nd2 dxe4 4. Nxe4 Bf5 5. Ng3 Bg6 6. h4 h6 7. Nf3 Nd7 8. h5
Bh7 9. Bd3 Bxd3 10. Qxd3 e6 11. Bd2 Qc7 12. O-O-O Ngf6 13. Ne4 O-O-O 14. g3 Nxe4
15. Qxe4 Bd6 16. c4 c5 17. Bc3 cxd4 18. Nxd4 Nf6 19. Qe2 a6 20. Kb1 Kb8 21. Nf3
Ka8 22. Ne5 Bxe5 23. Bxe5 Qa5 24. f4 Rxd1+ 25. Rxd1 Rd8 26. a3 Rc8 27. Ka2 Qc5
28. Rd4 Qc6 29. b4 Qh1 30. b5 Qc1 31. Qd3 Nd5 32. bxa6 Nb6 33. Qe4 Nd5 34. axb7+
Kxb7 35. Rxd5 exd5 36. Qxd5+ Ka6 37. Qb5+ Ka7 38. Bd4+ 1-0

[Event "28th Czech Open A 2017"]
[Site "Pardubice CZE"]
[Date "2017.07.24"]
[Round "4.20"]
[White "Grekh, Andrey"]
[Black "Vogel, Roven"]
[Result "0-1"]
[WhiteTitle "IM"]
[BlackTitle "IM"]
[WhiteElo "2395"]
[BlackElo "2475"]
[WhiteFideId "14112418"]
[BlackFideId "12908088"]
[EventDate "2017.07.21"]

1. e4 e5 2. Nf3 Nc6 3. d4 exd4 4. c3 d5 5. exd5 Qxd5 6. cxd4 Bg4 7. Be2 Bb4+ 8.
Nc3 Bxf3 9. Bxf3 Qc4 10. Qb3 Qxb3 11. axb3 Nge7 12. Be3 O-O-O 13. O-O a6 14. Ra4
Bd6 15. Rd1 Rhe8 16. Ne4 h6 17. Nxd6+ Rxd6 18. Bf4 Rdd8 19. h4 Nd5 20. Bg3 g6
21. Rc4 Nce7 22. Re1 c6 23. Rc2 Nb4 24. Rce2 Kd7 25. h5 g5 26. Bg4+ f5 27. Rxe7+
Rxe7 28. Bxf5+ Ke8 29. Bg6+ Kf8 30. Be5 c5 31. f4 gxf4 32. Rf1 Nd5 33. g3 cxd4
34. Bxd4 Re2 35. gxf4 Ne3 36. Bc5+ Kg8 37. Rc1 Rdd2 38. Bxe3 Rxe3 39. f5 Kg7 0-1

[Event "28th Czech Open A 2017"]
[Site "Pardubice CZE"]
[Date "2017.07.24"]
[Round "4.21"]
[White "Nguyen, Thai Dai Van"]
[Black "Wenninger, Philipp"]
[Result "1-0"]
[WhiteTitle "IM"]
[WhiteElo "2473"]
[BlackElo "2347"]
[WhiteFideId "358878"]
[BlackFideId "4648404"]
[EventDate "2017.07.21"]

1. e4 c6 2. d4 d5 3. Nc3 dxe4 4. Nxe4 Bf5 5. Ng3 Bg6 6. h4 h6 7. Nf3 Nd7 8. h5
Bh7 9. Bd3 Bxd3 10. Qxd3 e6 11. Bd2 Ngf6 12. O-O-O Be7 13. Ne4 Nxe4 14. Qxe4 Nf6
15. Qd3 Qd5 16. c4 Qe4 17. Qb3 b6 18. Rhe1 Qf5 19. Bb4 c5 20. Qa4+ Kf8 21. dxc5
bxc5 22. Re5 Qf4+ 23. Bd2 Qg4 24. Be3 Nd5 25. Qb3 Nb6 26. Bxc5 Qxc4+ 27. Qxc4
Nxc4 28. Re4 Nb6 29. Bxb6 axb6 30. Rd7 Bf6 31. Rc4 Kg8 32. a3 Ra5 33. g4 e5 34.
Nd2 Bg5 35. Kc2 Kh7 36. Rxf7 Rd8 37. Ne4 Bh4 38. Rcc7 Ra4 39. Rxg7+ Kh8 40. Rh7+
Kg8 41. g5 Rxe4 42. Rcg7+ Kf8 43. gxh6 Re2+ 44. Kb1 1-0

[Event "28th Czech Open A 2017"]
[Site "Pardubice CZE"]
[Date "2017.07.24"]
[Round "4.22"]
[White "Janzelj, Tim"]
[Black "Gurevich, Daniel"]
[Result "1/2-1/2"]
[BlackTitle "IM"]
[WhiteElo "2391"]
[BlackElo "2472"]
[WhiteFideId "14607913"]
[BlackFideId "2044676"]
[EventDate "2017.07.21"]

1. Nf3 d5 2. c4 dxc4 3. Na3 Be6 4. Qc2 c5 5. Ng5 Qd5 6. Nxe6 Qxe6 7. e3 Nc6 8.
Bxc4 Qd7 9. b3 e6 10. Bb2 Nf6 11. O-O Be7 12. Be2 O-O 13. Nc4 Nd5 14. Ne5 Nxe5
15. Bxe5 Rac8 16. Rfd1 Rfd8 17. Qb2 f6 18. Bg3 Bd6 19. Qa3 a6 20. Rac1 Bxg3 21.
hxg3 Qe7 22. Bf3 e5 23. d4 Nb4 24. dxc5 Nd3 25. Rc3 e4 26. Bg4 Ne5 27. Be2 Rxd1+
28. Bxd1 Rd8 29. Be2 Rd2 30. Kf1 Qd7 31. Ke1 f5 32. b4 Qd5 33. Qb3 Qxb3 34. axb3
Rb2 35. b5 axb5 36. Bxb5 Rb1+ 37. Kd2 Rb2+ 38. Ke1 Rb1+ 39. Kd2 Rb2+ 40. Kc1
Rxf2 41. Rc2 Rxc2+ 42. Kxc2 Kf7 43. Kc3 Ke6 44. Bc4+ Kd7 45. b4 b6 46. cxb6 Kc6
47. Be2 Kxb6 48. Kd4 Nc6+ 49. Kc4 g6 50. Kc3 Ne5 51. Bf1 Nc6 52. Bc4 Ne5 53. Bg8
Ng4 54. Kd4 Nf6 55. Bc4 Kc6 56. Ke5 Ng4+ 57. Kd4 Nf6 58. Be2 Kd6 59. b5 Nd5 60.
Bc4 Nf6 61. Be2 Nd5 62. g4 f4 63. exf4 Nxf4 64. Bf1 e3 65. Kxe3 Ke5 66. g3 Nd5+
67. Kd3 Nb6 68. Bg2 g5 69. Bh1 h6 70. Bg2 Nd7 71. Kc4 Kd6 72. Kd4 Ne5 73. Bh3
Nd7 74. Ke4 Ke6 75. Bf1 Nf6+ 76. Kd4 h5 77. Kc5 Kd7 78. gxh5 Nxh5 79. g4 Nf6 80.
Kb6 Kd6 81. Be2 Nd5+ 82. Ka6 Kc5 83. Ka5 Nb6 84. Bd1 Nc4+ 85. Ka6 Nb6 86. Bf3
Nc4 87. Be4 Nb6 88. Bc6 Nc4 89. Kb7 Nb6 90. Kc7 Nc4 91. Be8 Nb6 92. Kd8 Nc4 93.
Bc6 Kb6 94. Ke7 Ne5 95. Kf6 Nxg4+ 96. Kxg5 Ne5 97. Kf5 Nc4 98. Ke4 Na3 99. Kd4
Nxb5+ 100. Bxb5 1/2-1/2

[Event "28th Czech Open A 2017"]
[Site "Pardubice CZE"]
[Date "2017.07.24"]
[Round "4.23"]
[White "Nihal, Sarin"]
[Black "Lerch, Philipp"]
[Result "1-0"]
[WhiteTitle "FM"]
[BlackTitle "FM"]
[WhiteElo "2471"]
[BlackElo "2320"]
[WhiteFideId "25092340"]
[BlackFideId "4654129"]
[EventDate "2017.07.21"]

1. c4 f5 2. g3 Nf6 3. Bg2 g6 4. Nc3 Bg7 5. d3 d6 6. Rb1 a5 7. a3 O-O 8. b4 axb4
9. axb4 e5 10. Nf3 Nc6 11. b5 Ne7 12. O-O h6 13. Bb2 Be6 14. Ra1 Rb8 15. Ra7 Nc8
16. Ra5 g5 17. Qa1 Nb6 18. Nd2 f4 19. Ra7 Qc8 20. Rc1 Nbd7 21. Nd5 Qd8 22. Nxf6+
Qxf6 23. Rf1 Bg4 24. Qd1 c6 25. Ba3 Nc5 26. bxc6 bxc6 27. Bxc6 Bh3 28. Bg2 Bxg2
29. Kxg2 g4 30. f3 gxf3+ 31. Rxf3 Qd8 32. Bxc5 dxc5 33. Ne4 Qb6 34. Qa4 Rbd8 35.
Qa5 Qg6 36. Qxc5 Rb8 37. Qd5+ Kh8 38. c5 fxg3 39. Rxg3 Qf5 40. Rgxg7 Qf1+ 41.
Kg3 Qf4+ 42. Kh3 Qf5+ 43. Rg4 h5 44. Qd7 hxg4+ 45. Kh4 Qg6 46. Qd6 Qxd6 47. cxd6
Rbd8 48. Kg5 Rf4 49. Nf6 Rxf6 50. Kxf6 Rxd6+ 51. Kg5 e4 52. dxe4 Rd2 53. e5 Kg8
54. Kg6 Kf8 55. Kf6 1-0

[Event "28th Czech Open A 2017"]
[Site "Pardubice CZE"]
[Date "2017.07.24"]
[Round "4.24"]
[White "Yelisieiev, Yevhenii"]
[Black "Westerberg, Jonathan"]
[Result "0-1"]
[WhiteTitle "FM"]
[BlackTitle "IM"]
[WhiteElo "2317"]
[BlackElo "2469"]
[WhiteFideId "14139642"]
[BlackFideId "1701754"]
[EventDate "2017.07.21"]

1. d4 d5 2. c4 e6 3. Nc3 Nf6 4. Nf3 dxc4 5. e3 a6 6. a4 b6 7. Bxc4 Bb7 8. O-O
Bb4 9. Qe2 O-O 10. Rd1 Nbd7 11. d5 exd5 12. Nxd5 Nxd5 13. Bxd5 Bxd5 14. Rxd5 Qe7
15. Bd2 Bd6 16. Bc3 Nf6 17. Bxf6 Qxf6 18. e4 Rfe8 19. Re1 c6 20. Rd3 Bb4 21.
Red1 b5 22. e5 Qf5 23. h3 Bf8 24. Qc2 c5 25. R3d2 Qxc2 26. Rxc2 Rad8 27. Rxd8
Rxd8 28. Rd2 Rxd2 29. Nxd2 c4 30. axb5 axb5 31. Ne4 g5 32. g3 b4 33. Kf1 Bg7 34.
Nd6 c3 35. bxc3 Bxe5 36. Ne4 f5 37. Nc5 Bxc3 38. Ke2 Bd4 39. Nb3 Bb6 40. g4 Kf7
41. f3 Ke6 42. Nd2 Bc7 43. Kd3 Ke5 44. Kc4 Bd6 45. Nb3 fxg4 46. hxg4 Kf4 47. Nd4
Be7 48. Nc6 Bf8 49. Nd4 Ke3 50. Ne6 Be7 51. Nd4 Bf6 52. Ne6 Kxf3 53. Kxb4 Kxg4
54. Kc4 Kf3 55. Nc5 g4 56. Kd3 g3 57. Ne4 g2 58. Nd2+ Kg4 0-1

[Event "28th Czech Open A 2017"]
[Site "Pardubice CZE"]
[Date "2017.07.24"]
[Round "4.25"]
[White "Pavlov, Sergey2"]
[Black "Babikov, Ivan"]
[Result "1-0"]
[WhiteTitle "IM"]
[BlackTitle "FM"]
[WhiteElo "2467"]
[BlackElo "2267"]
[WhiteFideId "14114330"]
[BlackFideId "4161106"]
[EventDate "2017.07.21"]

1. c4 e5 2. Nc3 Nf6 3. Nf3 Nc6 4. e3 Bb4 5. Qc2 O-O 6. Nd5 h6 7. Bd3 a5 8. a3
Bc5 9. b3 d6 10. Bb2 Be6 11. Nxf6+ Qxf6 12. Bh7+ Kh8 13. Be4 Qe7 14. O-O f5 15.
Bxc6 bxc6 16. d4 e4 17. Nd2 Bb6 18. f3 Bg8 19. fxe4 fxe4 20. a4 Bh7 21. Rxf8+
Rxf8 22. Rf1 Bg6 23. Rxf8+ Qxf8 24. c5 dxc5 25. Ba3 Qe7 26. dxc5 Ba7 27. Qc3 Qg5
28. Nf1 Bh5 29. Ng3 Bf7 30. Nxe4 Qg6 31. Nd2 Bd5 32. g3 Qg4 33. e4 Bxe4 34. Nxe4
Qxe4 35. Bc1 Qd5 36. Be3 Qd1+ 37. Kf2 Qh1 38. h4 Qh2+ 39. Kf3 Qh1+ 40. Kf2 Qh2+
41. Kf3 Qh1+ 42. Ke2 Qg2+ 43. Bf2 Qe4+ 44. Kd2 Qd5+ 45. Kc1 h5 46. Kb2 Qf5 47.
Bd4 Qg4 48. Qe3 Kh7 49. Kc3 Kg8 50. Qe8+ Kh7 51. Qe5 Bb8 52. Kd2 Qg6 53. Qe3 Qf7
54. Kc3 Qd5 55. Qd3+ Kg8 56. Qg6 Qf3+ 57. Kb2 Qe2+ 58. Ka3 Qe7 59. Qxh5 Ba7 60.
Qg5 Qd7 61. Qe5 Qf7 62. g4 Qg6 63. g5 Qf7 64. h5 Kf8 65. g6 Qd7 66. h6 Kg8 67.
Ka2 1-0

[Event "28th Czech Open A 2017"]
[Site "Pardubice CZE"]
[Date "2017.07.24"]
[Round "4.26"]
[White "Abergel, Thal"]
[Black "Lushnikov, Evgeny"]
[Result "1-0"]
[WhiteTitle "GM"]
[WhiteElo "2464"]
[BlackElo "2050"]
[WhiteFideId "614890"]
[BlackFideId "24146269"]
[EventDate "2017.07.21"]

1. e4 c5 2. Nc3 Nc6 3. Bb5 Nd4 4. Bc4 e6 5. Nf3 Ne7 6. O-O a6 7. Nxd4 cxd4 8.
Ne2 Nc6 9. c3 b5 10. Bb3 Bc5 11. d3 O-O 12. Kh1 Bb7 13. f4 f5 14. exf5 Rxf5 15.
Ng3 Ne7 16. Qg4 Kh8 17. Nxf5 Nxf5 18. Bd1 Nh4 19. Bf3 Nxf3 20. gxf3 Qf6 21. Qg5
Qf8 22. Bd2 Be7 23. Qg4 Rc8 24. Rac1 Rc5 25. cxd4 Rf5 26. a3 Bd6 27. d5 Bxf4 28.
dxe6 Bxd2 29. e7 Rxf3 30. exf8=Q+ Rxf8+ 31. Qe4 Bxe4+ 32. dxe4 Re8 33. Rcd1 Bg5
34. Rxd7 h6 35. Re1 Bf6 36. e5 Rxe5 37. Rxe5 Bxe5 38. b4 Bb2 39. Rd3 Kh7 40. Kg2
h5 41. Kf3 g6 42. Ke4 Kh6 43. Kd5 g5 44. Ke4 h4 45. Kf5 Bc1 46. Rd6+ Kh5 47.
Rxa6 g4 48. Rg6 g3 49. hxg3 h3 50. Rg4 1-0

[Event "28th Czech Open A 2017"]
[Site "Pardubice CZE"]
[Date "2017.07.24"]
[Round "4.27"]
[White "Koop, Thorben"]
[Black "Drozdowski, Kacper"]
[Result "0-1"]
[WhiteTitle "IM"]
[BlackTitle "IM"]
[WhiteElo "2389"]
[BlackElo "2461"]
[WhiteFideId "24661619"]
[BlackFideId "1136720"]
[EventDate "2017.07.21"]

1. Nf3 d6 2. d4 g6 3. g3 Bg7 4. Bg2 e5 5. c4 Nc6 6. dxe5 dxe5 7. Qxd8+ Nxd8 8.
Nc3 c6 9. Ne4 f6 10. Be3 Nf7 11. O-O-O f5 12. Nd6+ Nxd6 13. Rxd6 Nh6 14. Ng5 O-O
15. Bc5 Re8 16. Rhd1 Nf7 17. Nxf7 Kxf7 18. Rd7+ Bxd7 19. Rxd7+ Kg8 20. Rxb7 e4
21. Bxa7 Red8 22. e3 Bxb2+ 23. Kxb2 Rd2+ 24. Kb3 Rxf2 25. Bxe4 fxe4 26. h4 Rf7
27. Rxf7 Kxf7 28. Bc5 Ke6 29. g4 Kd7 30. a3 Kc7 31. Be7 Re8 32. Bg5 c5 33. h5
Kc6 34. hxg6 hxg6 35. Bf4 Rd8 36. Kb2 Rd2+ 37. Kb3 Rg2 38. g5 Rd2 39. Kc3 Rd3+ 0-1

[Event "28th Czech Open A 2017"]
[Site "Pardubice CZE"]
[Date "2017.07.24"]
[Round "4.28"]
[White "Vorobiov, Evgeny E."]
[Black "Erenberg, Ariel"]
[Result "1-0"]
[WhiteTitle "GM"]
[BlackTitle "IM"]
[WhiteElo "2585"]
[BlackElo "2375"]
[WhiteFideId "4121341"]
[BlackFideId "2811634"]
[EventDate "2017.07.21"]

1. Nf3 Nf6 2. c4 e6 3. g3 b6 4. Bg2 Bb7 5. O-O Be7 6. Nc3 O-O 7. Re1 d5 8. cxd5
exd5 9. d4 c5 10. Bf4 Na6 11. Rc1 h6 12. a3 Re8 13. Qc2 Ne4 14. Red1 Nxc3 15.
Qxc3 Bf6 16. Be5 Bxe5 17. Nxe5 cxd4 18. Qxd4 Qf6 19. Nc6 Rxe2 20. Qxf6 gxf6 21.
b4 Ree8 22. Bxd5 Nc7 23. Bxf7+ Kxf7 24. Rd7+ Kg6 25. Ne7+ Kg5 26. Rcxc7 Be4 27.
Rd4 f5 28. Nd5 Bxd5 29. Rxd5 Kf6 30. Rdd7 a5 31. Rd6+ Kg5 32. Rg7+ Kh5 33. Rd5
Re1+ 34. Kg2 Rf8 35. Kh3 1-0

[Event "28th Czech Open A 2017"]
[Site "Pardubice CZE"]
[Date "2017.07.24"]
[Round "4.29"]
[White "Khaetsky, Roman"]
[Black "Chigaev, Maksim"]
[Result "1/2-1/2"]
[WhiteTitle "IM"]
[BlackTitle "GM"]
[WhiteElo "2373"]
[BlackElo "2578"]
[WhiteFideId "14106221"]
[BlackFideId "4108116"]
[EventDate "2017.07.21"]

1. e4 g6 2. d4 Bg7 3. Nc3 d6 4. Nf3 Nf6 5. Be2 O-O 6. O-O a6 7. a4 Nc6 8. h3 e5
9. dxe5 dxe5 10. Qxd8 Rxd8 11. Bc4 Be6 12. Bxe6 fxe6 13. Bg5 h6 14. Bxf6 Bxf6
15. Nd1 Nd4 16. Ne3 Nxf3+ 17. gxf3 Rd4 18. Rfd1 Rad8 19. Kf1 Bg5 20. Ke2 Bxe3
21. fxe3 Rxd1 22. Rxd1 Rxd1 23. Kxd1 Kf7 24. h4 Ke7 25. Ke2 Kd6 26. h5 g5 27. b4
b6 28. Kd3 Ke7 29. Ke2 Kf6 30. Kf2 a5 31. c3 c6 32. bxa5 bxa5 33. c4 c5 1/2-1/2